| 000 | 00657nam a2200205 i 4500 | ||
|---|---|---|---|
| 001 | 18286 | ||
| 003 | ES-MaACL | ||
| 005 | 20230906151812.0 | ||
| 007 | t| | ||
| 008 | 011121s1946 sp ||||1| spa d | ||
| 080 | _a336(460)"18" | ||
| 100 | 1 |
_aTallada Paulí, Josep María. _9109126 |
|
| 245 | 1 | 0 |
_aHistoria de las finanzas españolas en el siglo XIX / _cJosé Mª Tallada Paulí. |
| 260 |
_aMadrid : _bEspasa-Calpe, _c1946. |
||
| 300 |
_a267 p. ; _c23 cm. |
||
| 650 | 4 |
_aFinanzas- _zEspaña. _912872 |
|
| 650 | 4 |
_aHacienda pública- _zEspaña- _vHistoria. _913282 |
|
| 852 |
_aES-MaACL _jAND-148 _z- Biblioteca Juan Andrade |
||
| 852 |
_aES-MaACL _jB-10758 |
||
| 999 |
_c18286 _d18286 |
||